header

Advanced analysis in steel frame design (Record no. 41282)

MARC details
000 -LEADER
fixed length control field 01821nam a2200349 a 4500
082 04 - DEWEY DECIMAL CLASSIFICATION NUMBER
Classification number 624.1/821
245 00 - TITLE STATEMENT
Title Advanced analysis in steel frame design
260 ## - PUBLICATION, DISTRIBUTION, ETC. (IMPRINT)
Place of publication Reston, Va. :
Name of publisher American Society of Civil Engineers,
Year of publication c2012.
300 ## - PHYSICAL DESCRIPTION
Number of Pages vi, 51 p. :
Other physical details ill.
505 0# - FORMATTED CONTENTS NOTE
Formatted contents note pt. 1. Introduction -- pt. 2. Design rules -- pt. 3. Background and commentary -- pt. 4. Benchmarks.
650 #0 - SUBJECT ADDED ENTRY--TOPICAL TERM
Topical Term Elastic analysis (Engineering)
Topical Term Steel framing (Building)
Topical Term Structural design.
700 1# - ADDED ENTRY--PERSONAL NAME
Personal name Surovek, Andrea Eden,
856 40 - ELECTRONIC LOCATION AND ACCESS
Uniform Resource Identifier http://site.ebrary.com/lib/rucke/Doc?id=10715655

No items available.

© 2026 Rongo University
Contact us: librarian | system librarian | Rongo university